<?xml version="1.0" encoding="UTF-8"?>
<record
    xmlns:xsi="http://www.w3.org/2001/XMLSchema-instance"
    xsi:schemaLocation="http://www.loc.gov/MARC21/slim http://www.loc.gov/standards/marcxml/schema/MARC21slim.xsd"
    xmlns="http://www.loc.gov/MARC21/slim">

  <leader>01161nam a2200241Ia 4500</leader>
  <controlfield tag="003">OSt</controlfield>
  <controlfield tag="005">20251114152716.0</controlfield>
  <controlfield tag="008">210210b2019   xxu||||| |||| 00| 0 eng d</controlfield>
  <datafield tag="040" ind1=" " ind2=" ">
    <subfield code="c">AL</subfield>
  </datafield>
  <datafield tag="041" ind1=" " ind2=" ">
    <subfield code="a">Kannada</subfield>
  </datafield>
  <datafield tag="082" ind1=" " ind2=" ">
    <subfield code="a">K894.4 CHAN</subfield>
  </datafield>
  <datafield tag="100" ind1=" " ind2=" ">
    <subfield code="a">CHANDRAKALA NANDAVARA</subfield>
    <subfield code="d">&#xC9A;&#xC82;&#xCA6;&#xCCD;&#xCB0;&#xC95;&#xCB2;&#xCBE; &#xCA8;&#xC82;&#xCA6;&#xCBE;&#xCB5;&#xCB0;</subfield>
    <subfield code="9">245587</subfield>
  </datafield>
  <datafield tag="245" ind1=" " ind2=" ">
    <subfield code="a">Nannuru nanna jana</subfield>
    <subfield code="b">&#xCA8;&#xCA8;&#xCCD;&#xCA8;&#xCC2;&#xCB0;&#xCC1; &#xCA8;&#xCA8;&#xCCD;&#xCA8; &#xC9C;&#xCA8;</subfield>
  </datafield>
  <datafield tag="260" ind1=" " ind2=" ">
    <subfield code="a">Mangaluru</subfield>
    <subfield code="b">Hemanshu Prakashana</subfield>
    <subfield code="c">2019</subfield>
  </datafield>
  <datafield tag="300" ind1=" " ind2=" ">
    <subfield code="a">402</subfield>
  </datafield>
  <datafield tag="520" ind1=" " ind2=" ">
    <subfield code="a">&#xC86;&#xCA4;&#xCCD;&#xCAE;&#xC95;&#xCA5;&#xCA8;&#xCA6;&#xC82;&#xCA4;&#xCBF;&#xCB0;&#xCC1;&#xCB5; &#xC87;&#xCB2;&#xCCD;&#xCB2;&#xCBF;&#xCA8; &#xCAC;&#xCB0;&#xCB9;&#xC97;&#xCB3;&#xCC1; &#xC85;&#xCA6;&#xCB0;&#xCBE;&#xC9A;&#xCC6;&#xC97;&#xCBF;&#xCA8; &#xCB5;&#xCCD;&#xCAF;&#xCBE;&#xCAA;&#xC95; &#xCB5;&#xCBF;&#xCB7;&#xCAF;&#xC97;&#xCB3;&#xCA8;&#xCCD;&#xCA8;&#xCC1; &#xC92;&#xCB3;&#xC97;&#xCCA;&#xC82;&#xCA1;&#xCBF;&#xCA6;&#xCCD;&#xCA6;&#xCC1; &#xC93;&#xCA6;&#xCC1;&#xC97;&#xCB0; &#xCAE;&#xCA8;&#xCA6;&#xCBE;&#xCB3;&#xCA6; &#xCA8;&#xCC6;&#xCA8;&#xCAA;&#xCC1;&#xC97;&#xCB3;&#xCBF;&#xC97;&#xCC6; &#xCB2;&#xC97;&#xCCD;&#xC97;&#xCC6; &#xCB9;&#xCBE;&#xC95;&#xCC1;&#xCA4;&#xCCD;&#xCA4;&#xCB5;&#xCC6;. &#xC88; &#xCAC;&#xCB0;&#xCB9;&#xC97;&#xCB3;&#xCC1; &#xCB5;&#xCBE;&#xCB0;&#xCCD;&#xCA4;&#xCBE;&#xCAD;&#xCBE;&#xCB0;&#xCA4;&#xCBF; &#xCAA;&#xCA4;&#xCCD;&#xCB0;&#xCBF;&#xC95;&#xCC6;&#xCAF;&#xCB2;&#xCCD;&#xCB2;&#xCBF; &#xC92;&#xC82;&#xCA6;&#xCC2;&#xCB5;&#xCB0;&#xCC6; &#xCB5;&#xCB0;&#xCC1;&#xCB7; &#xC85;&#xC82;&#xC95;&#xCA3;&#xCB5;&#xCBE;&#xC97;&#xCBF; &#xCAA;&#xCCD;&#xCB0;&#xC95;&#xC9F;&#xCB5;&#xCBE;&#xC97;&#xCBF;&#xCA6;&#xCCD;&#xCA6;&#xCB5;&#xCC1;.</subfield>
  </datafield>
  <datafield tag="650" ind1=" " ind2=" ">
    <subfield code="a">Nannuru</subfield>
    <subfield code="9">245588</subfield>
  </datafield>
  <datafield tag="650" ind1=" " ind2=" ">
    <subfield code="a">nanna</subfield>
    <subfield code="9">245589</subfield>
  </datafield>
  <datafield tag="650" ind1=" " ind2=" ">
    <subfield code="a">jana</subfield>
    <subfield code="9">245590</subfield>
  </datafield>
  <datafield tag="690" ind1=" " ind2=" ">
    <subfield code="a">Kannada Prose</subfield>
    <subfield code="9">245591</subfield>
  </datafield>
  <datafield tag="906" ind1=" " ind2=" ">
    <subfield code="a">073476</subfield>
  </datafield>
  <datafield tag="942" ind1=" " ind2=" ">
    <subfield code="2">ddc</subfield>
    <subfield code="c">BK</subfield>
  </datafield>
  <datafield tag="999" ind1=" " ind2=" ">
    <subfield code="c">123353</subfield>
    <subfield code="d">123353</subfield>
  </datafield>
  <datafield tag="952" ind1=" " ind2=" ">
    <subfield code="0">0</subfield>
    <subfield code="1">0</subfield>
    <subfield code="2">ddc</subfield>
    <subfield code="4">0</subfield>
    <subfield code="7">0</subfield>
    <subfield code="8">KAN</subfield>
    <subfield code="a">AL</subfield>
    <subfield code="b">AL</subfield>
    <subfield code="c">Kannada Literature</subfield>
    <subfield code="d">2021-02-17</subfield>
    <subfield code="e">Akrati Ashaya Publications, Mangaluru-575001</subfield>
    <subfield code="g">300.00</subfield>
    <subfield code="l">0</subfield>
    <subfield code="o">K894.4 CHAN</subfield>
    <subfield code="p">073476</subfield>
    <subfield code="r">2021-02-17 00:00:00</subfield>
    <subfield code="w">2021-02-17</subfield>
    <subfield code="y">BK</subfield>
  </datafield>
</record>
